000 00388nam a2200157Ia 4500
005 20240404041502.0
008 240331s9999 xx 000 0 und d
020 _a8189487140
082 _bKAR
_a331
245 0 _aKarl Marx on India
250 _a1 St
260 _aIndia :
_bAligarh Historians Society /
_c2006
300 _axviii, 308 p.,
700 _aHusain, Iqbal
_eedt
942 _cL
999 _c5663
_d5663